Παντελής Ευθυμίου : σεργιάνι στη ζωή και το έργο του ποιητή ; [σενάριο για ντοκυμαντέρ]
Αποθηκεύτηκε σε:
| Κύριος συγγραφέας: | |
|---|---|
| Μορφή: | Βιβλίο |
| Γλώσσα: | Greek |
| Δημοσίευση: |
Ρόδος :
Αλφάβητο ΑΒΕΕ,
2015.
|
| Θέματα: | |
| Ετικέτες: |
Προσθήκη ετικέτας
Δεν υπάρχουν, Καταχωρήστε ετικέτα πρώτοι!
|
MARC
| LEADER | 00000cam a2200000 a 4500 | ||
|---|---|---|---|
| 001 | 1/108467 | ||
| 008 | 150908s2015####gr | ||| |||| ||gre|| | ||
| 020 | |a 9789609371674 | ||
| 040 | |a GR-MyUa |b gre |c GR-MyUa |e AACR2 | ||
| 041 | 0 | |a gre | |
| 082 | 7 | |a 920.71 |2 (23) | |
| 100 | 1 | |a Σκανδαλίδης, Κώστας Ε., |d 1946- | |
| 245 | 1 | 0 | |a Παντελής Ευθυμίου : |b σεργιάνι στη ζωή και το έργο του ποιητή ; [σενάριο για ντοκυμαντέρ] / |c Κώστας Ε. Σκανδαλίδης. |
| 260 | |a Ρόδος : |b Αλφάβητο ΑΒΕΕ, |c 2015. | ||
| 300 | |a 59 σ. : |b φωτ. ; |c 24 εκ. | ||
| 504 | |a Βιβλιογραφία: σ. 59 | ||
| 600 | 1 | 4 | |a Ευθυμίου, Παντελής. |
| 650 | 0 | |a Poets, Greek (Modern) |y 20th century |x Biography. | |
| 650 | 0 | |a Biography. | |
| 852 | |a INST |b RHODES |e 20150908 |h 920.71 ΣΚΑ |p 005400038013 |q 005400038013 |t BK |y 0 | ||
| 970 | |z 08-09-2015 | ||